| 000 | 00552nam a2200157 a 4500 | ||
|---|---|---|---|
| 001 | 000033055 | ||
| 003 | DO-SdBNP | ||
| 005 | 20220725110707.0 | ||
| 008 | 110808s1948 dr 000 0 spa d | ||
| 040 |
_aDO-SdBNP _bspa _cBNPHU |
||
| 049 | _aBNPD | ||
| 245 | 0 | 0 | _aRecuerdo del homenaje que las discípulas del ilustre maestro Dr. Federico Henríquez y Carvajal le tributan en conmemoración de sus cien años de vida. |
| 260 |
_aSanto Domingo : 1948. : _bImprenta El Hombre, _c1948. |
||
| 300 |
_a1v. con varios ejemplar ; _c20 cm. |
||
| 942 |
_2ddc _cLBS1 |
||
| 999 |
_c32546 _d32546 |
||